The Ramayana in Kathakali dance drama (Record no. 662)

MARC details
000 -LEADER
fixed length control field 01032 a2200265 4500
008 - FIXED-LENGTH DATA ELEMENTS--GENERAL INFORMATION
fixed length control field 080820t xxu||||| |||| 00| 0 eng d
010 ## - LIBRARY OF CONGRESS CONTROL NUMBER
LC control number ENG-84891
020 ## - INTERNATIONAL STANDARD BOOK NUMBER
International Standard Book Number 8182201829
Terms of availability 490.00
035 ## - SYSTEM CONTROL NUMBER
System control number EN-68424
037 ## - SOURCE OF ACQUISITION
Source of stock number/acquisition D.B.Act / Pub
082 ## - DEWEY DECIMAL CLASSIFICATION NUMBER
Classification number 792.62
245 ## - TITLE STATEMENT
Title The Ramayana in Kathakali dance drama
Statement of responsibility, etc translated by David Bolland ; edited by N.K. Singh.
250 ## - EDITION STATEMENT
Edition statement 1st ed.
260 ## - PUBLICATION, DISTRIBUTION, ETC. (IMPRINT)
Place of publication, distribution, etc New Delhi :
Name of publisher, distributor, etc Global Vision Publishing House,
Date of publication, distribution, etc 2006.
270 ## - ADDRESS
Address 20, Ansari Road, Daryaganj
City New Delhi
State or province Delhi
Postal code 110002
Telephone number 32971125
Electronic mail address globalvisionpub@eth.net
300 ## - PHYSICAL DESCRIPTION
Extent ix, 154 p. :
Other physical details col. ill. ;
Dimensions 24 cm. (Hb)
500 ## - GENERAL NOTE
General note Includes index
650 ## - SUBJECT ADDED ENTRY--TOPICAL TERM
Topical term or geographic name as entry element Kathakali plays
650 ## - SUBJECT ADDED ENTRY--TOPICAL TERM
Topical term or geographic name as entry element Rāma (Hindu deity)
700 ## - ADDED ENTRY--PERSONAL NAME
Personal name Singh, Nagendra Kr.,
700 ## - ADDED ENTRY--PERSONAL NAME
Personal name Bolland, David,
700 ## - ADDED ENTRY--PERSONAL NAME
Personal name Vālmīki.
942 ## - ADDED ENTRY ELEMENTS (KOHA)
Institution code [OBSOLETE] dpl
Koha item type English Books
Call number prefix 792.62 / RAM
Source of classification or shelving scheme Dewey Decimal Classification
Classification part 792.62
Call number suffix RAM
Holdings
Withdrawn status Lost status Damaged status Not for loan Home library Current library Date acquired Cost, normal purchase price Total Checkouts Full call number Barcode Date last seen Copy number Uniform Resource Identifier Cost, replacement price Price effective from Koha item type
        D.B.Act.Division D.B.Act.Division 20/08/2008 490.00   792.62 RAM EN-68424 15/09/2008 1 644 490.00 15/09/2008 English Books

© Delhi Public Library
Hit Counter
free hit counter